Detalles MARC
| 000 -CABECERA |
| campo de control de longitud fija |
00971nam a2200265 a 4500 |
| 001 - NÚMERO DE CONTROL |
| campo de control |
000035143 |
| 005 - FECHA Y HORA DE LA ÚLTIMA TRANSACCIÓN |
| campo de control |
20200930074131.0 |
| 008 - DATOS DE LONGITUD FIJA--INFORMACIÓN GENERAL |
| campo de control de longitud fija |
111025s1966 ag a 000 0 spa d |
| 040 ## - FUENTE DE LA CATALOGACIÓN |
| Centro catalogador/agencia de origen |
DO-SdBNP |
| Lengua de catalogación |
spa |
| Centro/agencia transcriptor |
BNPHU |
| 041 17 - CÓDIGO DE LENGUA |
| Código de lengua del texto/banda sonora o título independiente |
spa |
| Código de lengua original |
fre |
| 082 ## - NÚMERO DE LA CLASIFICACIÓN DECIMAL DEWEY |
| Número de clasificación |
599.97 |
| Número de documento/Ítem |
V191r, 1966 |
| 100 1# - ENTRADA PRINCIPAL--NOMBRE DE PERSONA |
| Nombre de persona |
Vallois, Henri V. |
| Forma completa/desarrollada del nombre |
(Henri Victor), |
| Fechas asociadas al nombre |
1889-1981 |
| 9 (RLIN) |
60849 |
| 245 14 - MENCIÓN DE TÍTULO |
| Título |
Las razas humanas / |
| Mención de responsabilidad, etc. |
Henri-V. Vallois ; traducida y actualiza por Noelia Bastard. |
| 250 ## - MENCIÓN DE EDICIÓN |
| Mención de edición |
2a. ed. |
| 260 ## - PUBLICACIÓN, DISTRIBUCIÓN, ETC. |
| Lugar de publicación, distribución, etc. |
Buenos Aires : |
| Nombre del editor, distribuidor, etc. |
Editorial Universitaria de Buenos Aires, |
| Fecha de publicación, distribución, etc. |
1966. |
| 300 ## - DESCRIPCIÓN FÍSICA |
| Extensión |
104 p. : |
| Otras características físicas |
il. ; |
| Dimensiones |
19 cm. |
| 490 1# - MENCIÓN DE SERIE |
| Mención de serie |
Cuadernos de EUDEBA ; |
| Designación de volumen o secuencia |
111 |
| 500 ## - NOTA GENERAL |
| Nota general |
Tít. original: Les races humaines |
| 534 ## - NOTA SOBRE LA VERSIÓN ORIGINAL |
| Encabezamiento principal del original |
Trad. de la 5a. ed. francesa |
| 590 ## - NOTA LOCAL (RLIN) |
| Nota local |
Perteneció a la biblioteca personal de Juan Isidro Jimenes Grullón |
| 650 24 - PUNTO DE ACCESO ADICIONAL DE MATERIA--TÉRMINO DE MATERIA |
| Término de materia o nombre geográfico como elemento de entrada |
Etnología |
| 9 (RLIN) |
2825 |
| 700 12 - PUNTO DE ACCESO ADICIONAL--NOMBRE DE PERSONA |
| Nombre de persona |
Bastard, Noelia, |
| Término indicativo de función/relación |
trad. |
| 9 (RLIN) |
56496 |
| 830 #0 - PUNTO DE ACCESO ADICIONAL DE SERIE-TÍTULO UNIFORME |
| Título uniforme |
Cuadernos de EUDEBA ; |
| Número de parte o sección de la obra |
111 |
| 9 (RLIN) |
60850 |
| 910 ## - DATOS DE OPCIÓN DEL USUARIO (OCLC) |
| Datos de opción del usuario |
Validado. Control de calidad MFF |